Medzinárodná daňová harmonizácia

Dôvody a priebeh uskutočnenia procesu daňovej harmonizácie. Formy daňovej spolupráce v Európskej únii. Zmluvy o zamedzení dvojitého zdanenia. Daňová harmonizácia. Daňová konkurencia. Rozdiely medzi daňovou harmonizáciou a súťažou.

Na minha lista:
Detalhes bibliográficos
Autor principal: Lukáč, Jozef, 1991-
Outros Autores: Simonidesová, Jana, 1968-
Formato: Capítulo de Livro
Idioma:eslovaco
Assuntos:
Tags: Adicionar Tag
Sem tags, seja o primeiro a adicionar uma tag!

MARC

LEADER 00000naa$a2200000$$$4500
001 0248747
005 20240502073958.8
041 0 |a slo 
044 |a SK 
245 1 0 |a Medzinárodná daňová harmonizácia  |c Jozef Lukáč, Jana Simonidesová 
520 |a Dôvody a priebeh uskutočnenia procesu daňovej harmonizácie. Formy daňovej spolupráce v Európskej únii. Zmluvy o zamedzení dvojitého zdanenia. Daňová harmonizácia. Daňová konkurencia. Rozdiely medzi daňovou harmonizáciou a súťažou. 
610 2 0 |a dane 
610 2 0 |a dane nepriame 
610 2 0 |a harmonizácia 
610 2 0 |a konkurencia 
610 2 0 |a súťaže 
610 2 0 |a zdanenie dvojité 
610 2 0 |a Európska únia 
100 1 |a Lukáč, Jozef, 1991- 
700 1 |a Simonidesová, Jana, 1968-